| 000 | 00806nam a2200217Ia 4500 | ||
|---|---|---|---|
| 001 | 8376 | ||
| 003 | GE_BSU | ||
| 008 | 181216s||||||||xx |||||||||||||| ||und|| | ||
| 040 | _cGE_BSU | ||
| 080 | _a821.353.1-1+821.353.1-32 | ||
| 245 | _aრჩეული თხზულებანი. ერტომეული | ||
| 245 | _bლექსები | ||
| 245 | _cწიგნი შეადგ. და რედაქც. გაუკეთა და ბოლოსიტყვ. დაურთო ან. თევზაძემ | ||
| 260 | _aთბილისი | ||
| 260 | _bსაბჭოთა მწერალი | ||
| 260 | _c1958 | ||
| 300 | _a584გვ.23სმ. | ||
| 653 | _aლექსები | ||
| 653 | _aრჩეული თხზულებანი | ||
| 942 | _cBK | ||
| 999 |
_c41699 _d41699 |
||